000 00203 a2200085 4500
245 _aA STREETCAR NAMED DESIRE AND OTHER PLAYS
_hText
100 _aTENNESSEE WILLIAMS
650 _aliterature
005 20191017172101.0
084 _aNONE
999 _c8407
_d8407